00884 2200301 4500001002100000005001500021035002000036007000300056020002200059040001200081082001700093084001900110100002700129245010300156250003500259260004100294300004000335650001200375850001200387504003000399008004100429090002300470090002100493041000800514999002100522990002100543990001800564INLIS00000000003572920190703125445 a0010-0618000125ta a978-602-229-859-5 aYOPDYOG04223a331.7023 a331.7023 AHM k0 aAhmad Saifuddin, 1990-0 aKematangan karier :bteori dan strategi memilih jurusan dan merencanakan karier /cAhmad Saifuddin aCetakan pertama, Februari 2018 aYogyakarta :bPustaka Pelajar,c2018 axii, 138 halaman :btabel ;c23 cm. 4aProfesi aYOPDYOG aBibliografi: hlm. 123-133180606s ind  aDEP 331.7023 AHM k aCB-D.11 2018-2750 aind aCB-D.11/2018-275 aCB-D.11/2018-275 a59203-PD/A.18